El mosaico cosmológico de Mérida /

محفوظ في:

مؤلف مشترك: Museo Nacional de Arte Romano (Mérida, Spain)

مؤلفون آخرون: Álvarez Martínez, José María, 1947-

التنسيق: كتاب

اللغة: Spanish
French

منشور في: Mérida : Museo Nacional de Arte Romano, 1996.

سلاسل: Cuandernos emeritenses ; 12.

الموضوعات:

الوسوم: إضافة وسم

لا توجد وسوم, كن أول من يضع وسما على هذه التسجيلة!

رقم الطلب: NA3770 .M86 1996

LEADER 01068namaa2200325 4500
001 25332
003 OSt
005 20250907105644.0
008 130303s1996 sp a b 000 0 spa d
010 |a 97188960 
040 |c ARCE Library 
041 0 |a spa  |a fre 
043 |a e-sp--- 
050 4 |a NA3770 .M86 1996 
245 0 3 |a El mosaico cosmológico de Mérida /   |c J. Ma. Alvarez Martínez, ed. 
264 1 |a Mérida :   |b Museo Nacional de Arte Romano,   |c 1996. 
300 |a 201 pages :   |b illustrations ;   |c 21 cm. 
490 1 |a Cuandernos emeritenses ;   |v 12. 
500 |a "Eugenio García Sandoval, in memoriam." 
504 |a Includes bibliographical references. 
546 |a Spanish and French. 
650 0 |a Mosaics, Roman  |z Spain  |z Mérida. 
650 0 |a Cosmology in art. 
650 0 |a Mosaics, Roman  |x Expertising  |z Spain  |z Mérida. 
700 1 |a Álvarez Martínez, José María,   |d 1947-  
710 2 |a Museo Nacional de Arte Romano (Mérida, Spain) 
830 0 |a Cuandernos emeritenses ;   |v 12. 
901 |a reviewed 
942 |c BK  |2 lcc 
999 |c 23762  |d 23762